=LDR 00000nam 2200000 4500 =001 INLIS000000000033384 =005 20201117090615 =035 ##$$a 0010-061300000033384 =008 201117################g##########0#ind## =041 ##$$a Ind =082 ##$$a 307.095 981 2 =090 ##$$a 307.095 981 2, Dam d =245 ##$$a Dampak pembangunan ekonomi (pasar) terhadap kehidupan sosial budaya masyarakat daerah Sumatera Utara. /$c Dra. Zuraida Tanjung...[et.al] ; editor, Drs. T. Dibyo Harsono =260 ##$$a Medan :$b Departemen Pendidikan dan Kebudayaan,$c 1994 =300 ##$$a v,101 hlm. : $b ilus. ; $c 21 x 14 cm. =650 #4$$a Kehidupan sosial -Masyarakat Sumatera Utara =850 ##$$a NBPNMAT =084 ##$$a 307.095 981 2 DAM =250 ##$$a cet.1 =700 #$$a Harsono, T.Dibyo =990 ##$$a 66334/Hd-94